00641 2200205 4500001002100000005001500021035002000036007000300056008004100059020002200100082001000122084001600132100001900148245010000167260006800267300003000335650004500365700001200410990001300422INLIS00000000000059420230110081331 a0010-0123000061ta230110 g 0 ind  a978-602-282-476-3 a323.6 a323.6 DAD p0 aDadang Sundawa1 aPendidikan Pancasila dan kewarganegaraan :bSMA/MA/SMK/MAK kelas XII /cDadang Sundawa, Nasiwan aJakarta :bPerpustakaan Nasional: Katalog Dalam Terbitan,c2015 a345 hlm. :bIlus ;c25 cm 4aPendidikan Pancasila dan Kewarganegaraan0 aNasiwan a07220722